000 00408nam a2200169Ia 4500
008 230524s9999 xx 000 0 und d
020 _a9780070704770
082 _a530
_bJOS
100 _aDattuprasad Ramanlal Joshi
245 0 _aEngineering Physics
250 _a5TH
260 _aNEW DELHI
_bTMH
_c2010
300 _aXXXIII;22.14
500 _aQuantity Number: 70
650 _aPhysics
942 _cBK
999 _c48304
_d48304